Tinoco Días de Tiranía /
Gorde:
| Egile nagusia: | |
|---|---|
| Formatua: | Ezezaguna |
| Hizkuntza: | Spanish |
| Argitaratua: |
San José, Costa Rica :
Euroamericana de ediciones,
[fecha de publicación no identificado].
|
| Gaiak: | |
| Etiketak: |
Etiketa erantsi
Etiketarik gabe, Izan zaitez lehena erregistro honi etiketa jartzen!
|
MARC
| LEADER | 000000000a22000000004500 | ||
|---|---|---|---|
| 001 | 003062 | ||
| 041 | 0 | |a spa | |
| 082 | 0 | 4 | |a CR862.44 |b Z24t |
| 100 | 1 | |a Zambrana Pineda, Ileana | |
| 245 | 1 | 0 | |a Tinoco Días de Tiranía / |c Ileana Zambrana Pineda. |
| 260 | 1 | |a San José, Costa Rica : |b Euroamericana de ediciones, |c [fecha de publicación no identificado]. | |
| 300 | |a 176 páginas | ||
| 650 | 4 | |a LITERATURA COSTARRICENSE | |
| 650 | 4 | |a TEATRO | |
| 999 | |c 9374 |d 9374 | ||
| 942 | |c BK |h CR862.44 Z24t |2 z | ||
